Social psychology / (Record no. 33494)
[ view plain ]
| 000 -LEADER | |
|---|---|
| fixed length control field | 00733nam a22002531 4500 |
| 001 - CONTROL NUMBER | |
| control field | 33494 |
| 003 - CONTROL NUMBER IDENTIFIER | |
| rucl marc code | BD-RjUL |
| 005 - DATE AND TIME OF LATEST TRANSACTION | |
| control field | 20211209052022.0 |
| 008 - FIXED-LENGTH DATA ELEMENTS--GENERAL INFORMATION | |
| fixed length control field | 140508s1964 nyua b 001 0 eng d |
| 020 ## - INTERNATIONAL STANDARD BOOK NUMBER | |
| International Standard Book Number | 070559120 |
| 035 ## - SYSTEM CONTROL NUMBER | |
| System control number | (BD-RjUL)33585 |
| 040 ## - CATALOGING SOURCE | |
| Original cataloging agency | DLC |
| Transcribing agency | DLC |
| Modifying agency | DLC |
| -- | BD-RjUL |
| Language of cataloging | eng |
| 041 ## - LANGUAGE CODE | |
| Language code of text/sound track or separate title | eng |
| 082 00 - DEWEY DECIMAL CLASSIFICATION NUMBER | |
| Classification number | 302 |
| Author mark and year | SES 1964 |
| 100 1# - MAIN ENTRY--PERSONAL NAME | |
| Personal name | Secord, Paul F. |
| 9 (RLIN) | 7973 |
| 245 00 - TITLE STATEMENT | |
| Title | Social psychology / |
| Statement of responsibility, etc. | Paul F. Secord and Carl W. Backman. |
| 260 ## - PUBLICATION, DISTRIBUTION, ETC. (IMPRINT) | |
| Place of publication, distribution, etc. | New York : |
| Name of publisher, distributor, etc. | McGraw-Hill, |
| Date of publication, distribution, etc. | 1964. |
| 300 ## - PHYSICAL DESCRIPTION | |
| Pagination | 659 p. : |
| Illustrations | ill. ; |
| Size | 25 cm. |
| 504 ## - BIBLIOGRAPHY, ETC. NOTE | |
| Bibliography, etc | Bibliography: p. 603-637. and Index |
| 650 #0 - SUBJECT ADDED ENTRY--TOPICAL TERM | |
| Topical term or geographic name as entry element | Social psychology. |
| 9 (RLIN) | 101649 |
| 700 1# - ADDED ENTRY--PERSONAL NAME | |
| Personal name | Backman, Carl W., |
| Relator term | joint author. |
| 942 ## - ADDED ENTRY ELEMENTS (KOHA) | |
| Source of classification or shelving scheme | Dewey Decimal Classification |
| Koha item type | Books |
| Lost status | Source of classification or shelving scheme | Damaged status | Not for loan | Collection code | Permanent Location | Current Location | Shelving location | Date acquired | Source of acquisition | Cost, normal purchase price | Total Checkouts | Full call number | Date last seen | Date checked out | Copy number | Koha item type |
|---|---|---|---|---|---|---|---|---|---|---|---|---|---|---|---|---|
| Dewey Decimal Classification | Non-fiction | Central Library, University of Rajshahi | Central Library, University of Rajshahi | 09/01/1974 | U. S. Gov. Gift | 0.00 | 2 | 302 SES 1964 | 28/11/2019 | 20/11/2019 | C-2 | Books | ||||
| Dewey Decimal Classification | Non-fiction | Central Library, University of Rajshahi | Central Library, University of Rajshahi | 09/01/1974 | USA Govt, Gift. | 1 | 302 SES 1964 | 02/12/2016 | 24/11/2016 | C-5 | Books | |||||
| Dewey Decimal Classification | Non-fiction | Central Library, University of Rajshahi | Central Library, University of Rajshahi | 09/01/1974 | U. S. Govt. | 1 | 302 SES 1964 | 16/11/2016 | 06/11/2016 | C-7 | Books | |||||
| Dewey Decimal Classification | Non-fiction | Central Library, University of Rajshahi | Central Library, University of Rajshahi | 25/06/2014 | Miza book agency | 21.60 | 2 | 302 SES 1964 | 27/11/2016 | 23/11/2016 | C-6 | Books | ||||
| Dewey Decimal Classification | Not For Loan | Non-fiction | Central Library, University of Rajshahi | Central Library, University of Rajshahi | 24/04/1968 | mirza book agency | 21.60 | 302 SES 1964 | 13/08/2014 | C-1 | Books | |||||
| Dewey Decimal Classification | Non-fiction | Central Library, University of Rajshahi | Central Library, University of Rajshahi | 24/04/1968 | 1 | 302 SES 1964 | 08/12/2019 | 28/10/2019 | C-3 | Books | ||||||
| Dewey Decimal Classification | Non-fiction | Central Library, University of Rajshahi | Central Library, University of Rajshahi | 09/01/1974 | U. S. govt | 302 SES 1964 | 12/12/2016 | C-4 | Books |